Minecraft Championship #1 Individual Players - Statistics

General Stats
  • This quiz has been taken 295 times
    183 since last reset
  • The average score is 37 of 46
Answer Stats
MCC # Coin Total Player % Correct
MCC 11 3626 Dream
99%
MCC 22 3247 Dream
99%
MCC All-Stars 3605 Dream
99%
MCC 4 4307 Technoblade
99%
MCC 15 4223 Sapnap
90%
MCC 21 3299 Sapnap
90%
MCC 3 3621 PeteZahHutt
88%
MCC 6 3525 PeteZahHutt
88%
MCC 7 4221 PeteZahHutt
88%
MCC 13 3164 PeteZahHutt
88%
MCC 14 3892 PeteZahHutt
88%
MCC 17 3492 PeteZahHutt
88%
MCC 35 3261 PeteZahHutt
88%
MCC 9 3805 fruitberries
84%
MCC 12 3318 fruitberries
84%
MCC 19 3464 fruitberries
84%
MCC 32 3590 fruitberries
84%
MCC 33 3772 fruitberries
84%
MCC Party 3245 fruitberries
84%
MCC 26 3429 Purpled
81%
MCC 31 3867 Purpled
81%
MCC 30 3496 FireBreathMan
79%
MCC S4 KO 3374 FireBreathMan
79%
MCC 27 Underdogs 3828 FireBreathMan
79%
MCC 18 3486 Illumina
79%
MCC 20 3865 Illumina
79%
MCC 28 3960 Illumina
79%
MCC Pride 2021 4199 Illumina
79%
MCC Pride 2022 3595 Illumina
79%
MCC 1 3330 Quig
79%
MCC 2 3769 Quig
79%
MCC 5 3732 Quig
79%
MCC 8 3549 Quig
79%
MCC 10 3730 Quig
79%
MCC 23 3410 Quig
79%
MCC 25 3180 jojosolos
77%
MCC 29 3119 jojosolos
77%
MCC 34 3681 jojosolos
77%
MCC Scuffed 3388 Smallishbeans
76%
MCC 24 3251 Hbomb94
75%
MCC 16 3332 Punz
71%
MCC Twitch Rivals 3157 Antfrost
68%
MCC Jingle Jam 4103 SolidarityGaming
66%
MCC Pride 2023 3197 Krtzy
58%
MCC Rising 3272 YelloWool
55%
MCC Rising 2 3219 apokuna
38%
No matching quizzes found
Score Distribution
Percent of People with Each Score
Percentile by Number Answered
Your Score History
You have not taken this quiz since the last reset